| 000 | 00994nam a22002177a 4500 | ||
|---|---|---|---|
| 005 | 20240201154125.0 | ||
| 010 | _aHIN-126651 | ||
| 020 |
_a9789393603616 _c495.00 |
||
| 035 | _aHN-98997 | ||
| 037 | _bDBAD/PUB | ||
| 082 | _a070.4 | ||
| 100 |
_aनिरंजन सहाय _961545 |
||
| 245 |
_aजनसंचार माध्यम और विशेष लेखन/ _cनिरंजन सहाय |
||
| 260 |
_aआगरा _bलोकभारती प्रकाशन _c 2023 |
||
| 270 |
_aपहली मंजिल,दरबारी बिल्डिंग महात्मा गाँधी मार्ग _bप्रयागराज _e211001 |
||
| 270 |
_a1-बी नेताजी सुभाष मार्ग दरियागंज _bनई दिल्ली _e110002 |
||
| 300 |
_a167पृ.; _c23 सेमी.(सजिल्द) |
||
| 700 |
_e _961527 |
||
| 710 | _961536 | ||
| 942 |
_2ddc _cHN _h070.4 _mनिरंज |
||
| 999 |
_c200508 _d200508 |
||